[Event "IECC Swiss-505.3"]
[Site "IECC email"]
[Date "2006.11.05"]
[Round "?"]
[White "Cashon, John J"]
[Black "Jordaan, Wayne"]
[Result "0-1"]
[WhiteElo "1805"]
[BlackElo "1623"]
[PlyCount "120"]
[EventDate "2006.??.??"]
[EventType "swiss (corr)"]
[EventRounds "1"]
[SourceTitle "Corr 2008"]
[Source "ChessBase"]
[SourceDate "2008.06.24"]
[SourceVersion "1"]
[SourceVersionDate "2008.06.24"]
[SourceQuality "1"]

1. e4 c6 2. Nf3 d5 3. exd5 cxd5 4. d4 Nf6 5. Nc3 e6 6. Bf4 Be7 7. Be2 0-0 8. 0-0 Nc6 9. a3 a6 10. Qd2 Ne4 11. Qd3 Nd6 12. Na4 Nf5 13. b4 f6 14. Rfe1 g5 15. Be3 Qc7 16. h3 b6 17. Rac1 Bd7 18. Qb3 Kg7 19. Bd3 Nxe3 20. Rxe3 Bd6 21. c4 dxc4 22. Bxc4 b5 23. Bxe6 bxa4 24. Qd5 Rad8 25. Rec3 Bxe6 26. Qxe6 Qe7 27. Qc4 Nb8 28. Rd1 Rfe8 29. d5 Qe4 30. Qa2 Bf4 31. g3 Rc8 32. Rcd3 Be5 33. Qd2 Qf5 34. Kg2 Nd7 35. d6 h5 36. Re1 Rc4 37. Nd4 Qg6 38. Nf3 h4 39. Re2 g4 40. hxg4 Rxg4 41. Nxe5 Nxe5 42. Rc3 h3+ 43. Kh1 Re4 44. Rc7+ Nf7 45. d7 Rxe2 46. dxe8N+ Rxe8 47. Qd5 Re2 48. Qf3 Qb1+ 49. Kh2 Qe1 50. Rxf7+ Kxf7 51. Qh5+ Ke6 52. Qe8+ Kf5 53. Qd7+ Ke4 54. Qe6+ Kd3 55. Qxa6+ Kc2 56. Qc4+ Kb2 57. Qd4+ Kxa3 58. Qd3+ Kb2 59. Qd4+ Qc3 60. Qxc3+ Kxc3 0-1

[Event "IECC Swiss-488.4"]
[Site "IECC email"]
[Date "2006.04.13"]
[Round "?"]
[White "Cashon, John J"]
[Black "Carless, David"]
[Result "1/2-1/2"]
[WhiteElo "1756"]
[BlackElo "1880"]
[PlyCount "93"]
[EventDate "2006.??.??"]
[EventType "swiss (corr)"]
[EventRounds "1"]
[SourceTitle "Corr 2008"]
[Source "ChessBase"]
[SourceDate "2008.06.24"]
[SourceVersion "1"]
[SourceVersionDate "2008.06.24"]
[SourceQuality "1"]

1. c4 c6 2. e4 d5 3. cxd5 cxd5 4. exd5 Nf6 5. Bb5+ Nbd7 6. Nc3 a6 7. Be2 b5 8. Qb3 Nb6 9. Nf3 Nfxd5 10. d3 e6 11. Bg5 Be7 12. Bxe7 Qxe7 13. a4 bxa4 14. Nxa4 Nxa4 15. Rxa4 Bd7 16. Re4 0-0 17. 0-0 Qd6 18. Ne5 Bb5 19. Nc4 Qc7 20. Bf3 Rab8 21. Rc1 Bxc4 22. Qxc4 Rxb2 23. Rd4 Qb6 24. Bxd5 a5 25. Rf4 Rb4 26. Bxe6 Rxc4 27. Bxc4 g6 28. Re4 Qd6 29. Ra1 Ra8 30. Rae1 Kf8 31. Bb5 Rb8 32. Bc4 a4 33. h3 a3 34. g3 Qd7 35. Re5 Qa7 36. R1e2 Qa8 37. Re7 Rb1+ 38. Re1 Rxe1+ 39. Rxe1 Qa5 40. Rb1 Ke7 41. Kf1 f6 42. Ra1 Kd6 43. Ra2 Kc5 44. Ke2 Kb4 45. h4 Qe5+ 46. Kf1 g5 47. hxg5 1/2-1/2

[Event "IECC Swiss-501.2"]
[Site "IECC email"]
[Date "2006.03.08"]
[Round "?"]
[White "Wozniak, Zbigniew"]
[Black "Cashon, John J"]
[Result "1-0"]
[WhiteElo "1733"]
[BlackElo "1776"]
[PlyCount "117"]
[EventDate "2006.??.??"]
[EventType "swiss (corr)"]
[EventRounds "1"]
[SourceTitle "Corr 2020"]
[Source "ChessBase"]
[SourceDate "2019.09.30"]
[SourceVersion "1"]
[SourceVersionDate "2019.09.30"]
[SourceQuality "1"]
[WhiteTeam "Poland"]
[BlackTeam "United States"]
[WhiteTeamCountry "POL"]
[BlackTeamCountry "USA"]

1. e4 e5 2. Nf3 Nc6 3. Bb5 a6 4. Ba4 b5 5. Bb3 Nf6 6. 0-0 Nxe4 7. d4 exd4 8. Re1 d5 9. Nc3 Be6 10. Nxe4 dxe4 11. Rxe4 Be7 12. Bxe6 fxe6 13. Rxe6 Qd7 14. Re4 0-0 15. Qd3 Bf6 16. Bd2 Qd5 17. a3 Rae8 18. Rxe8 Rxe8 19. Bf4 Re7 20. Re1 Qc4 21. Qxc4+ bxc4 22. Rxe7 Nxe7 23. Bxc7 d3 24. cxd3 cxd3 25. b3 Nd5 26. Ba5 Nc3 27. Kf1 Kf8 28. Ke1 Ne4 29. Nd2 Nc3 30. Nc4 Nb1 31. Kd1 Kf7 32. f3 Ke6 33. Kc1 Nc3 34. Kd2 Nd5 35. g3 Bd4 36. Kxd3 Bg1 37. Be1 Bxh2 38. Bf2 h5 39. Ne3 Nxe3 40. Kxe3 Kf5 41. b4 g5 42. Ke2 h4 43. gxh4 gxh4 44. Bxh4 Be5 45. a4 Bd6 46. b5 axb5 47. axb5 Ke6 48. Ke3 Kf5 49. Kd4 Kf4 50. b6 Kxf3 51. b7 Kf4 52. Kd5 Bb8 53. Kc6 Ke4 54. Be7 Ke5 55. Bd8 Ke6 56. Bc7 Ba7 57. Kb5 Kd7 58. Bg3 Ke6 59. Ka6 1-0

[Event "IECC Swiss-503.1"]
[Site "IECC email"]
[Date "2005.10.28"]
[Round "?"]
[White "Cashon, John J"]
[Black "Porkolab, Sandor"]
[Result "1/2-1/2"]
[WhiteElo "1777"]
[BlackElo "2125"]
[PlyCount "126"]
[EventDate "2005.??.??"]
[EventType "swiss (corr)"]
[EventRounds "1"]
[SourceTitle "Corr 2020"]
[Source "ChessBase"]
[SourceDate "2019.09.30"]
[SourceVersion "1"]
[SourceVersionDate "2019.09.30"]
[SourceQuality "1"]
[WhiteTeam "United States"]
[BlackTeam "Hungary"]
[WhiteTeamCountry "USA"]
[BlackTeamCountry "HUN"]

1. e4 c5 2. Nc3 Nc6 3. Nf3 d6 4. d4 cxd4 5. Nxd4 a6 6. Bc4 Nf6 7. Nxc6 bxc6 8. e5 d5 9. exf6 dxc4 10. Qxd8+ Kxd8 11. fxe7+ Bxe7 12. Bf4 Ra7 13. 0-0-0+ Rd7 14. Ne4 Re8 15. Rhf1 Bb4 16. Nd6 Bxd6 17. Bxd6 Re6 18. Bb4 Rd5 19. Bc3 f6 20. Rd4 Rxd4 21. Bxd4 Re2 22. Kd1 Re4 23. Bb6+ Ke8 24. Kd2 Be6 25. a3 Bd5 26. f3 Re6 27. Rf2 f5 28. Kc3 g5 29. Kb4 f4 30. Ka5 c3 31. b3 Kd7 32. Kxa6 Kd6 33. a4 Re8 34. Ka5 Rb8 35. Re2 c5 36. Ka6 h6 37. h3 h5 38. Re1 g4 39. hxg4 hxg4 40. Rh1 gxf3 41. Rh6+ Kd7 42. gxf3 Bxf3 43. Bxc5 Be4 44. Rd6+ Kc7 45. Rd4 Ra8+ 46. Kb5 Bxc2 47. Kb4 f3 48. Kxc3 Bg6 49. Rf4 Be8 50. Kb4 Bc6 51. Rf7+ Kd8 52. a5 Ke8 53. Rf8+ Kd7 54. Rf6 Kc7 55. Bb6+ Kd7 56. Kc4 Re8 57. a6 Re6 58. Rxe6 Kxe6 59. Bf2 Kd7 60. Kc5 Ba4 61. a7 Bc6 62. b4 Be4 63. b5 Kc7 1/2-1/2

[Event "IECC Swiss-496.2"]
[Site "IECC email"]
[Date "2005.10.17"]
[Round "?"]
[White "Nemutlu, Murat"]
[Black "Cashon, John J"]
[Result "1/2-1/2"]
[WhiteElo "1512"]
[BlackElo "1799"]
[PlyCount "131"]
[EventDate "2005.??.??"]
[EventType "swiss (corr)"]
[EventRounds "1"]
[SourceTitle "Corr 2008"]
[Source "ChessBase"]
[SourceDate "2008.06.24"]
[SourceVersion "1"]
[SourceVersionDate "2008.06.24"]
[SourceQuality "1"]

1. e4 c5 2. Nf3 Nc6 3. d4 cxd4 4. Nxd4 e5 5. Nb5 Nf6 6. N1c3 d6 7. Bg5 a6 8. Na3 Be7 9. Nc4 Nd4 10. Bxf6 Bxf6 11. Nd5 Be6 12. Ncb6 Bxd5 13. Nxd5 0-0 14. c3 Ne6 15. Bc4 Bg5 16. 0-0 Nf4 17. g3 Nxd5 18. Bxd5 Rc8 19. h4 Be7 20. Qg4 Rc7 21. Rad1 Qc8 22. Qxc8 Rfxc8 23. Rd3 b5 24. a4 bxa4 25. Ra1 Rb8 26. Rd2 a5 27. Rxa4 Rc5 28. Kg2 Kf8 29. b4 axb4 30. cxb4 Rcb5 31. Rb2 f5 32. Bc4 R5b6 33. exf5 d5 34. Bxd5 Rb5 35. Be6 Bxb4 36. g4 Ba5 37. Rc2 Ke7 38. Re4 Rd8 39. Rce2 Kd6 40. f4 exf4 41. Rd4+ Kc6 42. Rxf4 Bc3 43. Rf3 Be5 44. Rfe3 Bf6 45. g5 Bd4 46. Rd3 Rb4 47. Kf3 Kb5 48. Rc2 Kb6 49. Rcd2 Kc5 50. h5 Re8 51. Rg2 Rd8 52. h6 gxh6 53. gxh6 Rb1 54. Rc2+ Kb6 55. Rc4 Bf6 56. Rxd8 Bxd8 57. Bd5 Bg5 58. Rc6+ Kb5 59. Be4 Rg1 60. Re6 Kc5 61. Bb7 Rb1 62. Bc6 Rg1 63. Be4 Kd4 64. Bc6 Kc5 65. Be4 Kd4 66. Bc6 1/2-1/2

[Event "IECC KO-3047"]
[Site "IECC email"]
[Date "2005.08.22"]
[Round "?"]
[White "Cashon, John J"]
[Black "Nemeth, Laszlo"]
[Result "1-0"]
[WhiteElo "1835"]
[BlackElo "1463"]
[PlyCount "99"]
[EventDate "2005.??.??"]
[EventType "match (corr)"]
[EventRounds "2"]
[SourceTitle "Corr 2008"]
[Source "ChessBase"]
[SourceDate "2008.06.24"]
[SourceVersion "1"]
[SourceVersionDate "2008.06.24"]
[SourceQuality "1"]

1. e4 e6 2. d4 f5 3. exf5 Nf6 4. fxe6 Bd6 5. exd7+ Bxd7 6. Bc4 Nc6 7. Qe2+ Qe7 8. Qxe7+ Bxe7 9. Nf3 0-0-0 10. 0-0 Bg4 11. c3 Bxf3 12. gxf3 Rhf8 13. Be3 Nd5 14. Nd2 Bh4 15. Bd3 Nce7 16. Nc4 Rxf3 17. Ne5 Rf6 18. c4 Nf4 19. Bxh7 Ne2+ 20. Kh1 Nxd4 21. Rad1 Rh8 22. Be4 Ndf5 23. Bxa7 Re6 24. f4 Bg3 25. Bg1 Bxh2 26. Bxh2 Ng3+ 27. Kg2 Nxe4 28. Rfe1 Nd6 29. Nf7 Rg6+ 30. Bg3 Nxf7 31. Rxe7 Nd6 32. Rd5 Re8 33. Rxe8+ Nxe8 34. Kf3 Ra6 35. Bh4 Nd6 36. c5 Nf7 37. Rf5 Nh6 38. Rf8+ Kd7 39. a3 Kc6 40. Bf2 Ra4 41. Re8 Kd7 42. Re5 Nf7 43. Re4 Rxe4 44. Kxe4 g6 45. b4 Nd8 46. Ke5 Nc6+ 47. Kf6 Ne7 48. Kf7 Nd5 49. Bg3 Ne7 50. Bh4 1-0

[Event "IECC Swiss-489.3"]
[Site "IECC email"]
[Date "2005.08.22"]
[Round "?"]
[White "Nenciulescu, Silviu Catalin"]
[Black "Cashon, John J"]
[Result "1/2-1/2"]
[WhiteElo "2261"]
[BlackElo "1789"]
[PlyCount "91"]
[EventDate "2005.??.??"]
[EventType "swiss (corr)"]
[EventRounds "1"]
[SourceTitle "Corr 2008"]
[Source "ChessBase"]
[SourceDate "2008.06.24"]
[SourceVersion "1"]
[SourceVersionDate "2008.06.24"]
[SourceQuality "1"]

1. d4 d5 2. c4 Nf6 3. cxd5 c6 4. dxc6 Nxc6 5. Nf3 e5 6. Nxe5 Nxe5 7. dxe5 Qxd1+ 8. Kxd1 Ng4 9. Ke1 Bc5 10. e3 0-0 11. Bd2 Nxe5 12. Bc3 Nc6 13. a3 Bf5 14. Nd2 Rad8 15. b4 Bd6 16. Nc4 Bb8 17. b5 Ne7 18. Be2 Nd5 19. Bb2 Rfe8 20. Rd1 Bc7 21. Bd4 b6 22. g3 Bd7 23. a4 Bf5 24. Bf3 Bc2 25. Ra1 Nb4 26. Kd2 Bg6 27. Kc3 Nd3 28. Rhf1 Nc5 29. Bc6 Ne4+ 30. Kb4 Re7 31. Rad1 f6 32. a5 bxa5+ 33. Nxa5 Bd6+ 34. Ka4 Bc7 35. Nb3 Bf7 36. Bxe4 Rxe4 37. Nc5 Re7 38. Rd2 Be8 39. Rb2 Rd6 40. Kb4 Rb6 41. Kc4 Bd6 42. Rc1 Rc7 43. Rbb1 Bg6 44. Ra1 Bf7+ 45. Kd3 Be8 46. Nb3 1/2-1/2

[Event "IECC Swiss-491.2"]
[Site "IECC email"]
[Date "2005.05.14"]
[Round "?"]
[White "Hasidume, Shuji"]
[Black "Cashon, John J"]
[Result "1-0"]
[WhiteElo "1651"]
[BlackElo "1847"]
[PlyCount "107"]
[EventDate "2005.??.??"]
[EventType "swiss (corr)"]
[EventRounds "1"]
[SourceTitle "Corr 2020"]
[Source "ChessBase"]
[SourceDate "2019.09.30"]
[SourceVersion "1"]
[SourceVersionDate "2019.09.30"]
[SourceQuality "1"]
[WhiteTeam "Japan"]
[BlackTeam "United States"]
[WhiteTeamCountry "JPN"]
[BlackTeamCountry "USA"]

1. e4 e5 2. Nf3 Nc6 3. Bc4 Nf6 4. Ng5 d5 5. exd5 Nxd5 6. d4 exd4 7. 0-0 Be7 8. Nxf7 Kxf7 9. Qh5+ g6 10. Bxd5+ Ke8 11. Qf3 Rf8 12. Bxc6+ bxc6 13. Qxc6+ Bd7 14. Qc4 Rb8 15. Qxd4 Bc6 16. Qe5 Kf7 17. Bh6 Bf6 18. Qc5 Qd6 19. Bxf8 Kxf8 20. Qxa7 Ra8 21. Qe3 Qd5 22. Qf3 Qxf3 23. gxf3 Bxb2 24. Nd2 Bxa1 25. Rxa1 Ra3 26. c4 Bd7 27. Kg2 Be6 28. h4 Ke7 29. Kg3 Bg8 30. Kg4 Ra4 31. Kg5 Kf8 32. Ne4 Bxc4 33. Rc1 Ra5+ 34. Kf4 Bxa2 35. Rxc7 Rf5+ 36. Kg3 h6 37. f4 Bd5 38. f3 Ba2 39. Nf2 Rf7 40. Rc6 Kg7 41. Ng4 Bb1 42. Ne5 Re7 43. h5 gxh5 44. Kh4 Ba2 45. Kxh5 Bf7+ 46. Nxf7 Rxf7 47. Rg6+ Kf8 48. Kg4 Rh7 49. f5 Rh8 50. Kh5 Ke7 51. Re6+ Kf7 52. f4 Rh7 53. Rd6 Rh8 54. Rc6 1-0

[Event "IECC KO-3045"]
[Site "IECC email"]
[Date "2005.04.06"]
[Round "?"]
[White "Cashon, John J"]
[Black "Basson, Heinrich"]
[Result "0-1"]
[WhiteElo "1863"]
[BlackElo "1727"]
[PlyCount "88"]
[EventDate "2005.??.??"]
[EventType "match (corr)"]
[EventRounds "2"]
[SourceTitle "Corr 2020"]
[Source "ChessBase"]
[SourceDate "2019.09.30"]
[SourceVersion "1"]
[SourceVersionDate "2019.09.30"]
[SourceQuality "1"]
[WhiteTeam "United States"]
[BlackTeam "South Africa"]
[WhiteTeamCountry "USA"]
[BlackTeamCountry "RSA"]

1. e4 e5 2. Nf3 Nf6 3. d4 Nxe4 4. dxe5 Bc5 5. Be3 Bxe3 6. fxe3 Qe7 7. Bc4 Qb4+ 8. Nbd2 Nxd2 9. Nxd2 Nc6 10. Qh5 Qe7 11. Bb3 Nxe5 12. Nf3 Nxf3+ 13. Qxf3 0-0 14. 0-0 a5 15. a3 a4 16. Ba2 Ra5 17. Rf2 d6 18. Raf1 Rf5 19. Qg3 Rxf2 20. Rxf2 Be6 21. Bxe6 Qxe6 22. Qf3 b5 23. e4 Re8 24. b3 f6 25. Qd3 axb3 26. cxb3 b4 27. a4 Qxe4 28. Qxe4 Rxe4 29. a5 Re8 30. a6 Ra8 31. Ra2 Ra7 32. Kf2 Kf7 33. g4 Ke6 34. h4 Kd5 35. Rd2+ Kc5 36. Re2 c6 37. Re8 Rxa6 38. Re7 Ra2+ 39. Kf1 Ra3 40. Rxg7 h6 41. Rg6 Rxb3 42. Rxh6 Rg3 43. Rxf6 b3 44. Rf2 Rxg4 0-1

[Event "IECC Swiss-466.4"]
[Site "IECC email"]
[Date "2005.02.17"]
[Round "?"]
[White "Norvoll, Pal"]
[Black "Cashon, John J"]
[Result "1-0"]
[WhiteElo "1620"]
[BlackElo "1864"]
[PlyCount "105"]
[EventDate "2005.??.??"]
[EventType "swiss (corr)"]
[EventRounds "1"]
[SourceTitle "Corr 2020"]
[Source "ChessBase"]
[SourceDate "2019.09.30"]
[SourceVersion "1"]
[SourceVersionDate "2019.09.30"]
[SourceQuality "1"]
[WhiteTeam "Norway"]
[BlackTeam "United States"]
[WhiteTeamCountry "NOR"]
[BlackTeamCountry "USA"]

1. e4 e5 2. Nf3 Nc6 3. d4 exd4 4. Nxd4 Nf6 5. Nc3 Bb4 6. Nxc6 bxc6 7. Bd3 d5 8. exd5 Qe7+ 9. Qe2 Qxe2+ 10. Kxe2 cxd5 11. Nb5 0-0 12. Nxc7 Rb8 13. Bg5 Bd6 14. Bxf6 Bxc7 15. Bd4 Re8+ 16. Kd2 Bf4+ 17. Kc3 Bg4 18. b4 Bd7 19. a4 Be5 20. Bxe5 Rxe5 21. b5 Re6 22. Kd4 Rf6 23. f3 Rd8 24. a5 Rf4+ 25. Kc5 Kf8 26. b6 Rc8+ 27. Kxd5 Bc6+ 28. Ke5 Rh4 29. Be4 axb6 30. axb6 Re8+ 31. Kd4 Bxe4 32. fxe4 Rhxe4+ 33. Kc5 R8e5+ 34. Kc6 Rc4+ 35. Kb7 Rxc2 36. g3 Re7+ 37. Ka6 Re6 38. Rhb1 Rc8 39. Ka7 Re7+ 40. b7 Rce8 41. Rc1 h5 42. Kb6 h4 43. Rc8 Rxb7+ 44. Kxb7 hxg3 45. hxg3 Rxc8 46. Kxc8 Ke7 47. Re1+ Kf6 48. Kd7 Kg5 49. Ke7 f5 50. Kf7 Kg4 51. Kg6 Kxg3 52. Kxf5 Kf3 53. Re7 1-0

[Event "IECC Swiss-489.2"]
[Site "IECC email"]
[Date "2005.02.01"]
[Round "?"]
[White "Cashon, John J"]
[Black "Sanchez Niubo, Albert"]
[Result "1-0"]
[WhiteElo "1824"]
[BlackElo "1890"]
[PlyCount "61"]
[EventDate "2005.??.??"]
[EventType "swiss (corr)"]
[EventRounds "1"]
[SourceTitle "Corr 2020"]
[Source "ChessBase"]
[SourceDate "2019.09.30"]
[SourceVersion "1"]
[SourceVersionDate "2019.09.30"]
[SourceQuality "1"]
[WhiteTeam "United States"]
[BlackTeam "Spain"]
[WhiteTeamCountry "USA"]
[BlackTeamCountry "ESP"]

1. c4 e5 2. Nc3 Bb4 3. Nd5 Ba5 4. b4 c6 5. bxa5 cxd5 6. cxd5 Qxa5 7. Qb3 Nf6 8. Ba3 Qxd5 9. Qxd5 Nxd5 10. Bd6 Nc6 11. e4 Ndb4 12. 0-0-0 Nxa2+ 13. Kb2 Nab4 14. Nf3 f6 15. d4 exd4 16. Nxd4 Nxd4 17. Rxd4 Nc6 18. Rd2 a6 19. Bc4 b5 20. Ba2 h5 21. f4 a5 22. e5 a4 23. exf6 gxf6 24. Re1+ Kd8 25. Bf7 Ba6 26. Rd5 Kc8 27. Rc1 Kb7 28. Bc5 Kc7 29. Bxh5 Rag8 30. g4 b4 31. h3 1-0

[Event "IECC Swiss-493.1"]
[Site "IECC email"]
[Date "2004.12.01"]
[Round "?"]
[White "Cashon, John J"]
[Black "Hasidume, Shuji"]
[Result "0-1"]
[WhiteElo "1811"]
[BlackElo "1594"]
[PlyCount "46"]
[EventDate "2004.??.??"]
[EventType "swiss (corr)"]
[EventRounds "1"]
[SourceTitle "Corr 2020"]
[Source "ChessBase"]
[SourceDate "2019.09.30"]
[SourceVersion "1"]
[SourceVersionDate "2019.09.30"]
[SourceQuality "1"]
[WhiteTeam "United States"]
[BlackTeam "Japan"]
[WhiteTeamCountry "USA"]
[BlackTeamCountry "JPN"]

1. c4 Nf6 2. Nc3 e5 3. Nf3 Nc6 4. d4 exd4 5. Nxd4 Bb4 6. Nxc6 bxc6 7. Bd2 0-0 8. a3 Be7 9. e4 d5 10. cxd5 cxd5 11. exd5 Nxd5 12. Bd3 Nf6 13. Qc2 Be6 14. 0-0 Bb3 15. Qxb3 Qxd3 16. Be3 Rfb8 17. Qa2 Qc2 18. Qc4 Qxb2 19. Rfb1 Qc2 20. Rxb8+ Rxb8 21. Qxc7 Re8 22. Bxa7 Bxa3 23. Rxa3 Re1# 0-1

[Event "IECC Swiss-464.3"]
[Site "IECC email"]
[Date "2004.05.22"]
[Round "?"]
[White "Wozniak, Zbigniew"]
[Black "Cashon, John J"]
[Result "0-1"]
[WhiteElo "1823"]
[BlackElo "1785"]
[PlyCount "104"]
[EventDate "2004.??.??"]
[EventType "swiss (corr)"]
[EventRounds "1"]
[SourceTitle "Corr 2020"]
[Source "ChessBase"]
[SourceDate "2019.09.30"]
[SourceVersion "1"]
[SourceVersionDate "2019.09.30"]
[SourceQuality "1"]
[WhiteTeam "Poland"]
[BlackTeam "United States"]
[WhiteTeamCountry "POL"]
[BlackTeamCountry "USA"]

1. e4 e5 2. Nf3 Nc6 3. Bb5 a6 4. Ba4 b5 5. Bb3 Nf6 6. 0-0 Nxe4 7. d4 exd4 8. Re1 d5 9. Nc3 Be6 10. Nxe4 dxe4 11. Rxe4 Be7 12. Bxe6 fxe6 13. Rxe6 Qd7 14. Re4 0-0 15. Nxd4 Nxd4 16. Rxd4 Qe6 17. Be3 Bf6 18. Rb4 Rad8 19. Qf1 Qd6 20. c3 Rfe8 21. a4 c5 22. Rg4 Qe6 23. h3 c4 24. axb5 axb5 25. Ra5 Rd5 26. Ra1 Be5 27. Kh1 Bb8 28. Bd4 Rd7 29. Rg5 Qd6 30. g3 h6 31. Rg4 Qe6 32. Qg2 b4 33. Kh2 h5 34. Rh4 bxc3 35. bxc3 Qf7 36. Ra5 g6 37. Rg5 Re2 38. Re4 Rb2 39. Be3 Rd3 40. Bc5 Bd6 41. Bd4 Kh7 42. Ra5 Rxd4 43. Rxd4 Rxf2 44. Rxd6 Qf3 45. Qxf2 Qxf2+ 46. Kh1 Qxg3 47. Ra7+ Kh6 48. Raa6 Qxh3+ 49. Kg1 Qg3+ 50. Kh1 h4 51. Rac6 h3 52. Rxg6+ Qxg6 0-1

[Event "IECC Swiss-463.2"]
[Site "IECC email"]
[Date "2003.10.06"]
[Round "?"]
[White "Cashon, John J"]
[Black "Weissbein, Tom"]
[Result "0-1"]
[WhiteElo "1745"]
[BlackElo "2210"]
[PlyCount "124"]
[EventDate "2003.??.??"]
[EventType "swiss (corr)"]
[EventRounds "1"]
[SourceTitle "Corr 2020"]
[Source "ChessBase"]
[SourceDate "2019.09.30"]
[SourceVersion "1"]
[SourceVersionDate "2019.09.30"]
[SourceQuality "1"]
[WhiteTeam "United States"]
[BlackTeam "Poland"]
[WhiteTeamCountry "USA"]
[BlackTeamCountry "POL"]

1. d4 Nf6 2. Nf3 g6 3. c4 Bg7 4. Nc3 0-0 5. e4 d6 6. Be2 Nbd7 7. 0-0 e5 8. dxe5 dxe5 9. Be3 Re8 10. Qc2 c6 11. b4 Qe7 12. c5 Nf8 13. Rad1 Ng4 14. Bg5 f6 15. Bc1 Ne6 16. Bc4 Kh8 17. h3 Nh6 18. Be3 g5 19. Rfe1 g4 20. hxg4 Nxg4 21. Bc1 Bh6 22. a3 Bxc1 23. Qxc1 Qg7 24. Ne2 a5 25. Rd6 Nh6 26. Qc3 Nf7 27. Rd2 Nfg5 28. Nxg5 Qxg5 29. Rd6 h5 30. Qf3 axb4 31. axb4 Kg7 32. Qb3 Nf4 33. Nxf4 exf4 34. f3 h4 35. Rdd1 h3 36. Re2 Qe5 37. Red2 Rh8 38. Qc2 Ra1 39. Rxa1 Qxa1+ 40. Rd1 Qa3 41. Qb3 Qxb3 42. Bxb3 Kg6 43. Rd2 Kg5 44. gxh3 Bxh3 45. Rh2 Kh4 46. Bc4 Kg3 47. Bf1 Rh5 48. Be2 Rg5 49. Bd1 Rg8 50. Rd2 Ra8 51. Rd6 Ra1 52. Rd2 Be6 53. Rg2+ Kh4 54. Kf2 Rxd1 55. Rg6 Rd2+ 56. Ke1 Rb2 57. Rxf6 Kg3 58. Rxe6 Kxf3 59. e5 Ke3 60. Kd1 f3 61. Rf6 f2 62. e6 Rxb4 0-1